[Event "Hvar Arsenal blitz op 2nd"]
[Site "Hvar"]
[Date "2023.10.19"]
[Round "1"]
[White "Lavrov, Maxim1"]
[Black "Prvinic, Igor"]
[Result "1-0"]
[WhiteElo "2194"]
[BlackElo "1706"]
[PlyCount "69"]
[EventDate "2023.10.19"]
[EventType "swiss (blitz)"]
[EventRounds "11"]
[EventCountry "CRO"]
[SourceTitle "Mega2024 Update 01"]
[Source "Chessbase"]
[SourceDate "2023.11.12"]
[SourceVersion "1"]
[SourceVersionDate "2023.11.12"]
[SourceQuality "1"]

1. e4 c5 2. Nc3 d6 3. g3 Nc6 4. Bg2 Nf6 5. f4 e6 6. d3 Be7 7. Nge2 a6 8. h3 Qc7 9. Be3 0-0 10. 0-0 b5 11. Qd2 Bb7 12. g4 Rad8 13. Ng3 Nd4 14. f5 b4 15. Nce2 Nxe2+ 16. Qxe2 d5 17. Bf4 Qd7 18. e5 Ne8 19. f6 Nxf6 20. exf6 Bxf6 21. Be5 Bxe5 22. Qxe5 f6 23. Qe2 Rde8 24. Rae1 e5 25. Nf5 Re6 26. h4 Rfe8 27. h5 e4 28. d4 cxd4 29. Nxd4 Re5 30. h6 Rg5 31. hxg7 Rxg4 32. Rxf6 Rxg7 33. Ref1 Rg6 34. Rf7 Qc8 35. Qh5 1-0